000 nam a22 i 4500
999 _c24621
_d24621
003 WA 310
005 20211124084544.0
007 cr an nnnanaaa
008 180613s2021 pl a fou |000 0 eng d
040 _aWA 310/bw
_bpol
_erda
_cWA 310/bw
_dWA 310/bw
041 0 _aeng
_apol
245 0 0 _aKompatybilność elektromagnetyczna urządzeń multimedialnych - Wymagania dotyczące emisji =
_bElectromagnetic compatibility of multimedia equipment - Emission requirements PN-EN 55032:2015-09/A1:2021-05E /
_cPolski Komitet Normalizacyjny.
246 1 3 _aPN-EN 55032:2015-09/A1
246 1 3 _aICS 33.100.10
246 1 3 _aZmiana do Polskiej Normy
246 3 1 _aElectromagnetic compatibility of multimedia equipment - Emission requirements
260 _aWarszawa :
_bPolski Komitet Normalizacyjny,
_ccopyright 2021.
300 _a45 stron :
_bilustracje ;
_c30 cm.
336 _aTekst
_btxt
_2rdacontent
337 _aKomputer
_bc
_2rdamedia
338 _aDokument online
_bcr
_2rdacarrier
500 _aTytuł z ekranu tytułowego.
500 _aWprowadza EN 55032:2015/A1:2020, IDT ; CISPR 32:2015/AMD1:2019, IDT. Zatwierdzona 09 kwietnia 2021 r.
500 _aZmiana do Normy Europejskiej EN 55032:2015/A1:2020 [...] ma status Zmiany do Polskiej Normy.
530 _aDostępne wyłącznie w formie elektronicznej.
538 _aTryb dostępu: online.
546 _aTekst w języku angielskim, strona tytułowa w języku polskim.
590 _6Status: aktualna.
710 1 _aPolska.
_bPolski Komitet Normalizacyjny.
_eInstytucja sprawcza
_eWydawca
_4pbl
_91107
942 _2ddc
_cBK